Normal view
MARC view
- WAVELETS -MATHEMATIC, IMAGING SYSTEMS, REMOTE SENSING- MATHEMATICS. SENSING TECHNOLOGIES
Entry Topical Term
001 - CONTROL NUMBER
- control field: 68451
003 - CONTROL NUMBER IDENTIFIER
- control field: NUST
005 - DATE AND TIME OF LATEST TRANSACTION
- control field: 20210628204041.0
008 - FIXED-LENGTH DATA ELEMENTS
- fixed length control field: 210628|| aca||aabn | a|a d
040 ## - CATALOGING SOURCE
- Original cataloging agency: NUST
- Transcribing agency: NUST
150 ## - HEADING--TOPICAL TERM
- Topical term or geographic name entry element: WAVELETS -MATHEMATIC, IMAGING SYSTEMS, REMOTE SENSING- MATHEMATICS. SENSING TECHNOLOGIES
670 ## - SOURCE DATA FOUND
- Source citation: Work cat.: (NUST): Chan, Andrew .K:Peng, Cheng 68450, Wavelets for sensing technologies, 2003
